| 000 | 00713nam a22002177a 4500 | ||
|---|---|---|---|
| 003 | NUST-PNEC | ||
| 005 | 20170116180726.0 | ||
| 008 | 141106b xxu||||| |||| 00| 0 eng d | ||
| 020 | _a0070667330 | ||
| 040 | _cPNEC | ||
| 082 | _a003.3 LAW | ||
| 100 |
_9922 _aLaw Averill M |
||
| 245 |
_aSimulation modeling and analysis _cAverill M Law |
||
| 250 | _a4th ed | ||
| 260 |
_aNew Delhi ; New York : _bTata McGraw-Hill, _cc2007. |
||
| 300 |
_axix, 768 p. : _bill. (some col.) ; _c23 cm. |
||
| 500 | _aIncludes index. | ||
| 650 | _xMIS, Computer | ||
| 856 | _uhttp://www.amazon.com/Simulation-Modeling-Analysis-Law/dp/0070667330/ref=sr_1_1?ie=UTF8&qid=1415252702&sr=8-1&keywords=0070667330 | ||
| 942 |
_2ddc _cBK |
||
| 999 |
_c61609 _d61609 |
||